[Event "Arber op 1st"]
[Site "Bayerisch Eisenstein"]
[Date "2012.08.23"]
[Round "6"]
[White "Kramer, Dietrich"]
[Black "Steffens, Olaf"]
[Result "0-1"]
[WhiteElo "1861"]
[BlackElo "2097"]
[PlyCount "106"]
[EventDate "2012.08.18"]
[EventType "swiss"]
[EventRounds "9"]
[EventCountry "GER"]
[SourceTitle "CBM 150 Extra"]
[Source "ChessBase"]
[SourceDate "2012.10.19"]
[SourceVersion "1"]
[SourceVersionDate "2012.10.19"]
[SourceQuality "1"]

1. e4 g6 2. d4 Bg7 3. Nf3 d6 4. Nc3 a6 5. Be3 Nd7 6. Qd2 b5 7. a3 Bb7 8. Rd1 Rc8 9. Be2 c5 10. Bd3 cxd4 11. Nxd4 Ngf6 12. Bh6 Bxh6 13. Qxh6 Qb6 14. Nb3 Qxf2+ 15. Kxf2 Ng4+ 16. Kg3 Nxh6 17. Rhe1 0-0 18. h3 Ne5 19. Nd4 Nc4 20. Bxc4 Rxc4 21. Rd2 e5 22. Nb3 f5 23. Na5 Rd4 24. Rxd4 exd4 25. Nxb7 dxc3 26. Nxd6 cxb2 27. exf5 Rd8 28. Ne4 Nxf5+ 29. Kf4 Rd4 30. Rb1 Rc4 31. Rxb2 Nd4 32. c3 Ne6+ 33. Ke3 Ra4 34. Ra2 Nc7 35. Kd3 h6 36. Nc5 Rc4 37. Ne4 Nd5 38. Rf2 Ra4 39. Nf6+ Nxf6 40. Rxf6 Kg7 41. Rb6 h5 42. Kc2 Rxa3 43. Kb2 Ra4 44. Rd6 h4 45. Rb6 Kh6 46. Rd6 Kg5 47. Rc6 Kf5 48. Rb6 g5 49. Rb8 Kf4 50. Rg8 Re4 51. Ra8 Re6 52. Kb3 Kg3 53. Rg8 Re5 0-1

[Event "Arber op 1st"]
[Site "Bayerisch Eisenstein"]
[Date "2012.08.19"]
[Round "2"]
[White "Thonig, Manfred"]
[Black "Kramer, Dietrich"]
[Result "0-1"]
[WhiteElo "1565"]
[BlackElo "1861"]
[PlyCount "87"]
[EventDate "2012.08.18"]
[EventType "swiss"]
[EventRounds "9"]
[EventCountry "GER"]
[SourceTitle "CBM 150 Extra"]
[Source "ChessBase"]
[SourceDate "2012.10.19"]
[SourceVersion "1"]
[SourceVersionDate "2012.10.19"]
[SourceQuality "1"]

1. f4 d5 2. Nf3 Nf6 3. e3 g6 4. Bd3 Bg7 5. 0-0 0-0 6. c3 b6 7. b4 Bb7 8. Qc2 Nbd7 9. Bb2 c5 10. b5 c4 11. Be2 Qc7 12. d4 cxd3 13. Bxd3 Nc5 14. Be2 Rac8 15. c4 Nce4 16. Be5 Nd6 17. Nfd2 Qd7 18. a4 Nfe8 19. Na3 f6 20. Bb2 Nf5 21. Bg4 Ned6 22. Rad1 Qc7 23. Rde1 Qc5 24. Nb3 Qb4 25. Nd4 Nxc4 26. Nxc4 Rxc4 27. Qf2 Nd6 28. Be6+ Kh8 29. f5 gxf5 30. Bxf5 e5 31. Ne6 Nxf5 32. Nxf8 Bc8 33. Nxh7 Kxh7 34. Qe2 Kg8 35. Ra1 Be6 36. h3 Qc5 37. Bc1 Qc8 38. g4 Ng3 39. Qe1 Nxf1 40. Qxf1 Rc2 41. Qe1 Qc4 42. Bd2 Qd3 43. Qf2 Qxd2 44. Rd1 0-1

[Event "Seebach op 23rd"]
[Site "Grossenseebach"]
[Date "2012.06.09"]
[Round "6"]
[White "Hacker, Jonas"]
[Black "Kramer, Dietrich"]
[Result "0-1"]
[WhiteElo "2016"]
[BlackElo "1877"]
[PlyCount "43"]
[EventDate "2012.06.07"]
[EventType "swiss"]
[EventRounds "7"]
[EventCountry "GER"]
[SourceTitle "EXT 2013"]
[Source "ChessBase"]
[SourceDate "2012.11.22"]
[SourceVersion "1"]
[SourceVersionDate "2012.11.22"]
[SourceQuality "1"]

1. e4 e5 2. Nf3 Nc6 3. Bb5 a6 4. Ba4 Nf6 5. 0-0 b5 6. Bb3 Be7 7. Re1 0-0 8. d4 d6 9. c3 Bb7 10. Nbd2 Re8 11. dxe5 dxe5 12. Bxf7+ Kxf7 13. Qb3+ Kg6 14. Nh4+ Kh5 15. Qf7+ g6 16. h3 Rf8 17. g4+ Kxh4 18. Kg2 Qd3 19. Re3 Qxd2 20. Bxd2 Rxf7 21. Be1 Kg5 22. h4+ 0-1

[Event "Seebach op 23rd"]
[Site "Grossenseebach"]
[Date "2012.06.07"]
[Round "1"]
[White "Kramer, Dietrich"]
[Black "Baier, Herbert"]
[Result "1/2-1/2"]
[WhiteElo "1877"]
[BlackElo "2018"]
[PlyCount "111"]
[EventDate "2012.06.07"]
[EventType "swiss"]
[EventRounds "7"]
[EventCountry "GER"]
[SourceTitle "EXT 2013"]
[Source "ChessBase"]
[SourceDate "2012.11.22"]
[SourceVersion "1"]
[SourceVersionDate "2012.11.22"]
[SourceQuality "1"]

1. e4 Nf6 2. Nc3 d5 3. e5 d4 4. exf6 dxc3 5. fxg7 cxd2+ 6. Qxd2 Qxd2+ 7. Bxd2 Bxg7 8. 0-0-0 Bg4 9. Nf3 Nd7 10. h3 Bxf3 11. gxf3 0-0-0 12. Bg5 Bf6 13. Bxf6 Nxf6 14. Rxd8+ Kxd8 15. Rg1 Rg8 16. Rg3 e5 17. Bd3 h6 18. h4 Ke7 19. Be4 c6 20. Bf5 Rd8 21. c3 Nh5 22. Rg1 Kf6 23. Be4 Nf4 24. Kc2 Ng6 25. Rg4 Rh8 26. Bxg6 fxg6 27. Kd3 Rd8+ 28. Ke2 Kf5 29. Rg1 Rd5 30. Rg4 Rd6 31. Rg1 Re6 32. Ke3 e4 33. Rd1 exf3+ 34. Kxf3 Re4 35. Rd7 Rxh4 36. Rxb7 Ra4 37. a3 Ra6 38. Rc7 Ke5 39. Rd7 c5 40. Rh7 h5 41. Rd7 Ke6 42. Rc7 Kd5 43. b4 cxb4 44. axb4 Rf6+ 45. Kg3 a6 46. c4+ Kd4 47. c5 Kc4 48. Rb7 Rc6 49. Rb6 Kd5 50. Rxc6 Kxc6 51. f4 a5 52. bxa5 Kxc5 53. Kh4 Kb5 54. f5 gxf5 55. Kxh5 Kxa5 56. Kg5 1/2-1/2